NBA Playoff Scoring Leaders Per Season - Statistics

General Stats
  • This quiz has been taken 280 times
  • The average score is 27 of 40
Answer Stats
Year Leader % Correct
2007, 2012, 2013, 2015, 2017, 2018 LeBron James
99%
2025 Shai Gilgeous-Alexander
99%
1989, 1990, 1991, 1992, 1993, 1996, 1997, 1998 Michael Jordan
98%
2023 Nikola Jokić
97%
2004, 2008, 2009, 2010 Kobe Bryant
96%
2021 Giannis Antetokounmpo
95%
2000, 2002 Shaquille O'Neal
93%
1986, 1994, 1995 Hakeem Olajuwon
92%
2014 Kevin Durant
92%
2019 Kawhi Leonard
91%
2003, 2005 Tim Duncan
91%
1964 Wilt Chamberlain
91%
2011 Dirk Nowitzki
90%
1984, 1985, 1987 Larry Bird
89%
2024 Luka Dončić
89%
2020 Anthony Davis
88%
2006 Dwyane Wade
88%
2022 Jayson Tatum
88%
1974, 1980, 1983 Kareem Abdul-Jabbar
87%
1965, 1966, 1968, 1969, 1973 Jerry West
85%
2001 Allen Iverson
81%
2016 Klay Thompson
80%
1977, 1982 Julius Erving
78%
1981 Moses Malone
78%
1957, 1960 Bob Pettit
66%
1968 John Havlicek
63%
1950, 1952, 1953, 1954 George Mikan
61%
1959, 1961, 1962, 1963 Elgin Baylor
57%
1988 James Worthy
57%
1978 Elvin Hayes
48%
1967, 1975 Rick Barry
46%
1972 Walt Frazier
42%
1956 Paul Arizin
30%
1976 Jo Jo White
27%
1979 Gus Williams
23%
1999 Latrell Sprewell
23%
1971 Earl Monroe
17%
1958 Cliff Hagan
9%
1951 Arnie Risen
3%
1955 Dolph Shayes
2%
No matching quizzes found
Score Distribution
Percent of People with Each Score
Percentile by Number Answered
Your Score History
You have not taken this quiz